=LDR 00000nam 2200000 4500 =001 INLIS000000000049527 =005 20170227133555.0 =006 =007 =008 =020 ##$$a 978-602-9434-82-8 =035 ##$$0010-021700000000319 =040 ##$$a NBPDMAT =082 ##$$a 371.92 =090 ##$$a 371.92 $bNin m =100 ##$$a Ningrum Setiawan =245 ##$$a Menggagas pendidikan bermakna bagi anak yang lamban belajar $b: (Slow Learner) $c/ Ningrum Setiawan; Editor, Qoni =250 ##$$a Cet. 1 =260 ##$$a Yogyakarta $b Familia $c 2015 =300 ##$$a vii, 75 hlm. ; $c 21 cm =500 ##$$a Bibliografi hlm : 73 =650 ##$$a Lamban Pelajar - Pendidikan Khusus =700 ##$$a Qoni =850 ##$$a NBPDMAT =990 ##$$a 21605885 =990 ##$$a 21605886 =990 ##$$a 21605887 =990 ##$$a 21605888 =990 ##$$a 21605889